[Event "BL2 Sued 1213 (Women)"]
[Site "Germany"]
[Date "2012.10.06"]
[Round "1.4"]
[White "Froehlich Dill, Astrid"]
[Black "Sautter, Elke"]
[Result "1/2-1/2"]
[WhiteElo "1931"]
[BlackElo "2001"]
[PlyCount "110"]
[EventDate "2012.10.06"]
[EventType "team-tourn"]
[EventRounds "7"]
[EventCountry "GER"]
[SourceTitle "EXT 2018"]
[Source "ChessBase"]
[SourceDate "2017.10.13"]
[SourceVersion "1"]
[SourceVersionDate "2017.10.13"]
[SourceQuality "1"]
[WhiteTeam "Hofheim (W)"]
[BlackTeam "Schott Mainz (W)"]
[WhiteTeamCountry "GER"]
[BlackTeamCountry "GER"]

1. d4 e6 2. c4 f5 3. Nf3 Nf6 4. Nc3 d5 5. Bg5 c6 6. e3 Bd6 7. Bd3 0-0 8. Qc2 h6 9. Bf4 Bxf4 10. exf4 Bd7 11. 0-0 Be8 12. Rfe1 Ne4 13. Ne5 Nd7 14. Rad1 Nxe5 15. dxe5 Bh5 16. f3 Qb6+ 17. Kf1 Nxc3 18. Qxc3 d4 19. c5 dxc3 20. cxb6 axb6 21. Bc4 cxb2 22. Rb1 Bf7 23. Rxb2 b5 24. Bb3 Rfd8 25. Rd1 Rxd1+ 26. Bxd1 Rd8 27. Ke2 Be8 28. a4 bxa4 29. Rxb7 c5 30. Ra7 Rd4 31. Ra5 Rb4 32. Rxc5 Bb5+ 33. Ke3 a3 34. Rc8+ Kf7 35. Ra8 Rb1 36. Bc2 Ra1 37. Kd4 Bf1 38. g3 Be2 39. Ra7+ Kf8 40. Bb3 Bxf3 41. Bxe6 Be4 42. Bb3 Rc1 43. Rxa3 Rc7 44. e6 Ke7 45. Ra5 Kf6 46. Rc5 Rxc5 47. Kxc5 Ke7 48. Bd5 Bc2 49. h3 h5 50. Kd4 Kf6 51. h4 Ba4 52. Bc4 Bd1 53. Kd5 Ke7 54. Ke5 Bc2 55. Bd5 Bb1 1/2-1/2

[Event "BL 1112 (Women)"]
[Site "Germany"]
[Date "2011.12.18"]
[Round "5.5"]
[White "Sautter, Elke"]
[Black "Genova, Liubka"]
[Result "1/2-1/2"]
[WhiteElo "1996"]
[BlackElo "2259"]
[PlyCount "75"]
[EventDate "2011.10.29"]
[EventType "team-tourn"]
[EventRounds "11"]
[EventCountry "GER"]
[SourceTitle "EXT 2013"]
[Source "ChessBase"]
[SourceDate "2012.11.22"]
[SourceVersion "1"]
[SourceVersionDate "2012.11.22"]
[SourceQuality "1"]
[WhiteTeam "Schott Mainz (W)"]
[BlackTeam "Friedberg (W)"]
[WhiteTeamCountry "GER"]
[BlackTeamCountry "GER"]

1. e4 c5 2. Nc3 Nc6 3. f4 e6 4. Nf3 Nge7 5. d3 d5 6. g3 g6 7. Bg2 Bg7 8. 0-0 Rb8 9. a4 a6 10. h3 b5 11. axb5 axb5 12. e5 0-0 13. Ne2 f6 14. exf6 Bxf6 15. c3 Qb6 16. Be3 d4 17. Bf2 Nd5 18. cxd4 cxd4 19. Qb3 Ne3 20. Bxe3 dxe3 21. h4 Rd8 22. Bh3 Ne7 23. d4 Nf5 24. Bxf5 gxf5 25. Qxe3 Bb7 26. Ne5 Qd6 27. Kf2 h5 28. Rfc1 Rdc8 29. Rxc8+ Rxc8 30. Rc1 Ra8 31. Qb3 b4 32. Qc4 Rc8 33. Qb5 Rxc1 34. Qe8+ Qf8 35. Qg6+ Qg7 36. Qe8+ Qf8 37. Qg6+ Qg7 38. Qe8+ 1/2-1/2

[Event "BL2 Sued 1011 (Women)"]
[Site "Germany"]
[Date "2011.02.19"]
[Round "6.2"]
[White "Dirmeier, Carolin"]
[Black "Sautter, Elke"]
[Result "1-0"]
[WhiteElo "2017"]
[BlackElo "2016"]
[PlyCount "51"]
[EventDate "2010.11.06"]
[EventType "team-tourn"]
[EventRounds "7"]
[EventCountry "GER"]
[SourceTitle "EXT 2012"]
[Source "ChessBase"]
[SourceDate "2011.11.24"]
[SourceVersion "1"]
[SourceVersionDate "2011.11.24"]
[SourceQuality "1"]
[WhiteTeam "Bayern Muenchen (W)"]
[BlackTeam "Schott Mainz (W) II"]
[WhiteTeamCountry "GER"]
[BlackTeamCountry "GER"]

1. e4 e6 2. d4 b6 3. Nc3 Bb7 4. Be3 Bb4 5. Bd3 Nf6 6. f3 c5 7. Nge2 Nc6 8. Qd2 Rc8 9. dxc5 Bxc5 10. g4 Ne5 11. Rf1 Nfxg4 12. fxg4 Qh4+ 13. Ng3 Nxg4 14. Bxc5 Nxh2 15. Bd6 Nxf1 16. Bxf1 f6 17. 0-0-0 Kf7 18. Be2 Bc6 19. Kb1 Qg5 20. Bf4 Qc5 21. Rf1 Rhd8 22. Bd6 Qa5 23. Qf4 b5 24. Nh5 b4 25. Nxf6 bxc3 26. Nh5+ 1-0

[Event "BL 0708 (Women)"]
[Site "Germany"]
[Date "2007.11.11"]
[Round "2.5"]
[White "Moingt, Anne"]
[Black "Sautter, Elke"]
[Result "1-0"]
[WhiteElo "2179"]
[BlackElo "2006"]
[PlyCount "91"]
[EventDate "2007.11.10"]
[EventType "team-tourn"]
[EventRounds "11"]
[EventCountry "GER"]
[SourceTitle "EXT 2009"]
[Source "ChessBase"]
[SourceDate "2008.11.26"]
[SourceVersion "1"]
[SourceVersionDate "2008.11.26"]
[SourceQuality "1"]
[WhiteTeam "Karlsruhe (W)"]
[BlackTeam "Schott Mainz (W)"]
[WhiteTeamCountry "GER"]
[BlackTeamCountry "GER"]

1. e4 e6 2. d4 d5 3. Nd2 dxe4 4. Nxe4 Nd7 5. Nf3 Ngf6 6. Bd3 c5 7. Nxf6+ Nxf6 8. dxc5 Bxc5 9. Qe2 0-0 10. Bg5 h6 11. Bh4 Qa5+ 12. c3 Bd6 13. Bxf6 gxf6 14. 0-0 Qh5 15. Rad1 Rd8 16. Rfe1 f5 17. Bc4 Bc7 18. Rxd8+ Bxd8 19. Qd3 Bf6 20. Nd4 a6 21. Re3 Kh8 22. Rh3 Qg5 23. Ne2 b5 24. Bb3 Bg7 25. Rg3 Qe7 26. Nd4 Bb7 27. Qe3 Qf6 28. Qe2 Qe5 29. Re3 Qf6 30. Nf3 Be4 31. Bc2 Bxc2 32. Qxc2 e5 33. Rxe5 Rd8 34. h3 Rd7 35. Rxf5 Qd8 36. Nd4 Qe7 37. Rf3 Qe1+ 38. Kh2 Qe5+ 39. g3 Qd5 40. Qe2 Rd8 41. Nf5 Bf8 42. Rf4 Qc6 43. Qe5+ Kh7 44. Nd4 Qc5 45. Qf5+ Kg8 46. Rg4+ 1-0

[Event "BL 0708 (Women)"]
[Site "Germany"]
[Date "2007.11.10"]
[Round "1.5"]
[White "Sautter, Elke"]
[Black "Duppel, Tina"]
[Result "0-1"]
[WhiteElo "2006"]
[BlackElo "2274"]
[PlyCount "46"]
[EventDate "2007.11.10"]
[EventType "team-tourn"]
[EventRounds "11"]
[EventCountry "GER"]
[SourceTitle "EXT 2009"]
[Source "ChessBase"]
[SourceDate "2008.11.26"]
[SourceVersion "1"]
[SourceVersionDate "2008.11.26"]
[SourceQuality "1"]
[WhiteTeam "Schott Mainz (W)"]
[BlackTeam "Baden-Baden (W)"]
[WhiteTeamCountry "GER"]
[BlackTeamCountry "GER"]

1. Nf3 d5 2. g3 Nf6 3. Bg2 Bg4 4. 0-0 Nbd7 5. d3 e5 6. Nbd2 Bc5 7. e4 dxe4 8. dxe4 h5 9. Qe1 Qe7 10. a3 0-0-0 11. b4 Bb6 12. Bb2 g5 13. h4 gxh4 14. Nxh4 Rdg8 15. Nc4 Be6 16. Nf5 Bxf5 17. exf5 h4 18. Nxb6+ axb6 19. f4 Rxg3 20. fxe5 Rhg8 21. exf6 Rxg2+ 22. Kh1 Qd6 23. Qxh4 Qc6 0-1

[Event "Wuerttemberg-ch KT"]
[Site "Tuebingen"]
[Date "2007.09.02"]
[Round "9"]
[White "Birkholz, Axel"]
[Black "Sautter, Elke"]
[Result "1/2-1/2"]
[WhiteElo "2008"]
[BlackElo "2006"]
[PlyCount "81"]
[EventDate "2007.08.25"]
[EventType "swiss"]
[EventRounds "9"]
[EventCountry "GER"]
[SourceTitle "CBM 120 Extra"]
[Source "ChessBase"]
[SourceDate "2007.11.01"]
[SourceVersion "1"]
[SourceVersionDate "2007.11.01"]
[SourceQuality "1"]

1. e4 e6 2. d4 d5 3. Nc3 dxe4 4. Nxe4 Be7 5. Nf3 Nf6 6. Nxf6+ Bxf6 7. Bd3 c5 8. dxc5 Qa5+ 9. c3 Qxc5 10. 0-0 0-0 11. Be3 Qc7 12. Bg5 Be7 13. Qe2 g6 14. Rfe1 Nc6 15. Rad1 Kg7 16. Qe3 Bxg5 17. Nxg5 h6 18. Ne4 f5 19. Nc5 e5 20. Bb5 Re8 21. Rd5 f4 22. Qe2 e4 23. Red1 Re7 24. Qd2 Bg4 25. Re1 Rae8 26. Bxc6 Qxc6 27. Qd4+ Qf6 28. Qxf6+ Kxf6 29. Rd6+ Kg7 30. h3 Bf5 31. Rd4 b6 32. Nb3 g5 33. Nd2 e3 34. fxe3 Rxe3 35. Rxe3 fxe3 36. Nf3 Rf8 37. Ne1 e2 38. Rd2 Bxh3 39. Rxe2 Bf5 40. Re7+ Rf7 41. Re3 1/2-1/2

[Event "Wuerttemberg-ch KT"]
[Site "Tuebingen"]
[Date "2007.08.31"]
[Round "7"]
[White "Reck, Moritz"]
[Black "Sautter, Elke"]
[Result "0-1"]
[WhiteElo "2111"]
[BlackElo "2006"]
[PlyCount "56"]
[EventDate "2007.08.25"]
[EventType "swiss"]
[EventRounds "9"]
[EventCountry "GER"]
[SourceTitle "CBM 120 Extra"]
[Source "ChessBase"]
[SourceDate "2007.11.01"]
[SourceVersion "1"]
[SourceVersionDate "2007.11.01"]
[SourceQuality "1"]

1. g3 e5 2. Bg2 d6 3. d3 f5 4. e4 fxe4 5. dxe4 Nf6 6. Nc3 Bg4 7. Nge2 Nc6 8. Be3 Qd7 9. h3 Be6 10. Nd5 Ne7 11. c4 c6 12. Nxf6+ gxf6 13. Qd3 d5 14. cxd5 cxd5 15. exd5 Nxd5 16. 0-0 Nxe3 17. Qxe3 Kf7 18. f4 exf4 19. Nxf4 Bc4 20. Rad1 Qb5 21. Bd5+ Bxd5 22. Rxd5 Re8 23. Rxb5 Rxe3 24. Rxb7+ Re7 25. Rb8 Rd7 26. Nh5 Bc5+ 27. Kg2 Rxb8 28. Nxf6 Rxb2+ 0-1

[Event "Wuerttemberg-ch KT"]
[Site "Tuebingen"]
[Date "2007.08.26"]
[Round "2"]
[White "Meschke, Andreas"]
[Black "Sautter, Elke"]
[Result "1-0"]
[WhiteElo "2153"]
[BlackElo "2006"]
[PlyCount "37"]
[EventDate "2007.08.25"]
[EventType "swiss"]
[EventRounds "9"]
[EventCountry "GER"]
[SourceTitle "CBM 120 Extra"]
[Source "ChessBase"]
[SourceDate "2007.11.01"]
[SourceVersion "1"]
[SourceVersionDate "2007.11.01"]
[SourceQuality "1"]

1. e4 e6 2. d4 d5 3. Nc3 dxe4 4. Nxe4 Be7 5. Nf3 Nf6 6. Bd3 Nbd7 7. 0-0 c5 8. Nxf6+ Nxf6 9. dxc5 Bxc5 10. Qe2 0-0 11. Bg5 Be7 12. Rad1 Nd5 13. Bxe7 Qxe7 14. Bxh7+ Kxh7 15. Rxd5 f5 16. Rfd1 Re8 17. Rd6 a6 18. Ne5 Qf6 19. f4 1-0

[Event "EU-ch (Women) 8th"]
[Site "Dresden"]
[Date "2007.04.09"]
[Round "7"]
[White "Ragger, Anna Christina"]
[Black "Sautter, Elke"]
[Result "1-0"]
[WhiteElo "2177"]
[BlackElo "2046"]
[PlyCount "107"]
[EventDate "2007.04.03"]
[EventType "swiss"]
[EventRounds "11"]
[EventCountry "GER"]
[SourceTitle "CBM 117 Extra"]
[Source "ChessBase"]
[SourceDate "2007.05.09"]
[SourceVersion "1"]
[SourceVersionDate "2007.05.09"]
[SourceQuality "1"]

1. g3 e5 2. Bg2 Nc6 3. e4 d6 4. Nc3 Nf6 5. Nge2 Bd7 6. d4 a5 7. 0-0 Qc8 8. Nd5 Be7 9. Nxe7 Nxe7 10. dxe5 dxe5 11. Nc3 Bg4 12. Qd3 Qd7 13. f3 Be6 14. Be3 0-0-0 15. Qe2 Kb8 16. Rfb1 h5 17. b4 a4 18. b5 a3 19. b6 cxb6 20. Rxb6 Nc8 21. Rb4 Qc6 22. Na4 Nd6 23. Nc5 Bc4 24. Rxc4 Nxc4 25. Qxc4 Nd7 26. Nxd7+ Rxd7 27. Qb3 Rhd8 28. Qxa3 Rd1+ 29. Rxd1 Rxd1+ 30. Bf1 Kc8 31. Qc5 Qxc5 32. Bxc5 Kd7 33. Bb4 Kc6 34. a4 Ra1 35. a5 b6 36. axb6 Kxb6 37. c3 Kc6 38. Kf2 Ra2+ 39. Be2 g6 40. Ke3 Ra1 41. f4 exf4+ 42. Kxf4 Ra2 43. Ke3 Ra1 44. Be7 Kd7 45. Bf6 Ke6 46. Bd4 Rh1 47. h4 f6 48. Bc4+ Ke7 49. Bd5 Rf1 50. c4 g5 51. c5 gxh4 52. gxh4 Rh1 53. c6 Rxh4 54. Bxf6+ 1-0

[Event "EU-ch (Women) 8th"]
[Site "Dresden"]
[Date "2007.04.08"]
[Round "6"]
[White "Lauterbach, Ingrid"]
[Black "Sautter, Elke"]
[Result "1-0"]
[WhiteElo "2130"]
[BlackElo "2046"]
[PlyCount "155"]
[EventDate "2007.04.03"]
[EventType "swiss"]
[EventRounds "11"]
[EventCountry "GER"]
[SourceTitle "CBM 117 Extra"]
[Source "ChessBase"]
[SourceDate "2007.05.09"]
[SourceVersion "1"]
[SourceVersionDate "2007.05.09"]
[SourceQuality "1"]

1. Nf3 e6 2. g3 c5 3. c4 Nc6 4. Bg2 d5 5. 0-0 Nf6 6. cxd5 exd5 7. d4 Qb6 8. dxc5 Bxc5 9. Nc3 Qd8 10. Bg5 d4 11. Bxf6 Qxf6 12. Ne4 Qe7 13. Nxc5 Qxc5 14. Qd2 0-0 15. Rfc1 Qe7 16. Nxd4 Nxd4 17. Qxd4 Rd8 18. Qc4 Be6 19. Qf4 Rd7 20. Rc3 Rad8 21. Bf1 Bd5 22. Rd3 Bc6 23. Rxd7 Qxd7 24. f3 Qe7 25. Re1 g5 26. Qc1 h6 27. a3 a6 28. Qc3 Rd6 29. Bh3 Qd8 30. Bf5 Rd2 31. Kf1 Qd4 32. Qxd4 Rxd4 33. Rb1 Kg7 34. Ke1 Kf6 35. g4 Ke5 36. Rd1 Rxd1+ 37. Kxd1 b6 38. Kd2 a5 39. Bc2 f6 40. Bd1 Bb5 41. e3 Bc4 42. Bc2 Bd5 43. Ke2 Bc4+ 44. Kf2 Bd5 45. Kg3 Bc6 46. f4+ Kd6 47. e4 Kc5 48. e5 fxe5 49. f5 Bd5 50. Kf2 Kd6 51. Ke3 Ke7 52. Be4 Bc4 53. Kd2 Kd6 54. Bf3 Bf7 55. Kc3 Kc5 56. Be4 Bg8 57. Bb7 Bf7 58. Bc8 Bg8 59. Bd7 Bf7 60. b3 Kd6 61. Bb5 Kc5 62. Bd3 b5 63. b4+ axb4+ 64. axb4+ Kc6 65. Be2 Be8 66. Bf3+ Kd6 67. Kd3 Bf7 68. Ke3 Bb3 69. Be2 Ba4 70. Bd3 Kd5 71. h3 Kd6 72. Ke4 Bb3 73. Bxb5 Bd5+ 74. Ke3 Bg2 75. Bc4 e4 76. Kf2 Bf3 77. Be2 Bh1 78. Kf1 1-0

[Event "EU-ch (Women) 8th"]
[Site "Dresden"]
[Date "2007.04.04"]
[Round "2"]
[White "Dworakowska, Joanna"]
[Black "Sautter, Elke"]
[Result "1-0"]
[WhiteElo "2376"]
[BlackElo "2046"]
[PlyCount "101"]
[EventDate "2007.04.03"]
[EventType "swiss"]
[EventRounds "11"]
[EventCountry "GER"]
[SourceTitle "CBM 117 Extra"]
[Source "ChessBase"]
[SourceDate "2007.05.09"]
[SourceVersion "1"]
[SourceVersionDate "2007.05.09"]
[SourceQuality "1"]

1. e4 e6 2. d4 d5 3. Nc3 dxe4 4. Nxe4 Nd7 5. Nf3 Ngf6 6. Bd3 Nxe4 7. Bxe4 Nf6 8. Bg5 Be7 9. Bxf6 Bxf6 10. Qd3 c6 11. 0-0-0 g6 12. h4 Qa5 13. Kb1 Bd7 14. Ne5 Rf8 15. h5 0-0-0 16. f4 c5 17. Nc4 Qc7 18. dxc5 Bc6 19. Nd6+ Kb8 20. hxg6 hxg6 21. Rd2 Rd7 22. Qe3 Be7 23. Rhd1 Rfd8 24. Bxc6 Qxc6 25. Nxf7 Rxd2 26. Rxd2 Rxd2 27. Qxd2 Qxc5 28. a3 Kc7 29. Ne5 Qb5 30. Qc3+ Kd8 31. Qd3+ Qxd3 32. cxd3 Bh4 33. Nxg6 Bg3 34. Kc2 Ke8 35. d4 Kf7 36. Ne5+ Kf6 37. Nd3 Kf5 38. a4 b6 39. Kc3 Ke4 40. b4 Kd5 41. b5 Ke4 42. Kc4 Bh4 43. Ne5 Bf2 44. Nc6 Be3 45. g3 Bf2 46. g4 Kxf4 47. d5 exd5+ 48. Kxd5 Kxg4 49. Nxa7 Kf4 50. Nc8 Kf5 51. Kc6 1-0

[Event "Wuerttemberg-ch (Women)"]
[Site "Balingen"]
[Date "2006.09.03"]
[Round "5"]
[White "Erben, Larissa"]
[Black "Sautter, Elke"]
[Result "1/2-1/2"]
[WhiteElo "1865"]
[BlackElo "2046"]
[PlyCount "37"]
[EventDate "2006.08.30"]
[EventType "tourn"]
[EventRounds "5"]
[EventCountry "GER"]
[SourceTitle "EXT 2007"]
[Source "ChessBase"]
[SourceDate "2006.11.23"]
[SourceVersion "1"]
[SourceVersionDate "2006.11.23"]
[SourceQuality "1"]

1. e4 b6 2. d4 Bb7 3. Bd3 e6 4. Nf3 c5 5. c3 Nf6 6. Qe2 d5 7. e5 Nfd7 8. 0-0 Be7 9. a3 c4 10. Bc2 Nc6 11. Be3 h6 12. Nbd2 Qc7 13. b3 Na5 14. Rfb1 cxb3 15. Nxb3 Nc4 16. Bc1 Rc8 17. Nfd2 Qc6 18. Qg4 Bf8 19. Nxc4 1/2-1/2

[Event "GER-chT Federal Cup (Women)"]
[Site "Braunfels"]
[Date "2006.05.04"]
[Round "1"]
[White "Jahn, Constanze"]
[Black "Sautter, Elke"]
[Result "1/2-1/2"]
[WhiteElo "2173"]
[BlackElo "2036"]
[PlyCount "136"]
[EventDate "2006.05.04"]
[EventType "team-swiss"]
[EventRounds "5"]
[EventCountry "GER"]
[SourceTitle "EXT 2010"]
[Source "ChessBase"]
[SourceDate "2010.11.25"]
[SourceVersion "1"]
[SourceVersionDate "2010.11.25"]
[SourceQuality "1"]

1. e4 e6 2. d4 d5 3. exd5 exd5 4. c4 Nf6 5. Nc3 Be7 6. Bd3 dxc4 7. Bxc4 c6 8. Nge2 0-0 9. 0-0 Nbd7 10. Nf4 Nb6 11. Bb3 Bf5 12. f3 Bd6 13. Be3 Qc7 14. g3 Rad8 15. Qd2 Rfe8 16. Rac1 Qd7 17. Rfd1 Qe7 18. Bf2 Rd7 19. Nd3 Qd8 20. Qg5 Bg6 21. Nc5 Rde7 22. a4 a5 23. Kg2 Qc8 24. Re1 Qf5 25. Qxf5 Bxf5 26. Rxe7 Rxe7 27. g4 Bc8 28. Bh4 Re8 29. Bxf6 gxf6 30. N3e4 Be7 31. Ng3 Rd8 32. Re1 Kf8 33. Nce4 Rxd4 34. Nh5 Nd7 35. Re2 h6 36. Bc2 b6 37. Kh3 Bb7 38. Neg3 Ne5 39. Nf5 Rd7 40. f4 Nc4 41. b3 Na3 42. Be4 c5 43. Bxb7 Rxb7 44. Nxh6 Rd7 45. Re3 Nc2 46. Rc3 Nb4 47. Ng3 Rd2 48. Nhf5 Nd3 49. Rc4 Nf2+ 50. Kh4 Rd3 51. Rc2 Nd1 52. Re2 Bd6 53. Nxd6 Rxd6 54. Nf5 Rd3 55. g5 fxg5+ 56. Kxg5 Nc3 57. Re3 Rxe3 58. Nxe3 b5 59. axb5 Nxb5 60. Nc4 Nd4 61. Nxa5 Kg7 62. h3 f6+ 63. Kg4 Kg6 64. f5+ Nxf5 65. Nb7 Nd4 66. Nxc5 f5+ 67. Kf4 Kh5 68. Ke5 Nxb3 1/2-1/2

[Event "BL2 Gr01 0506 (Women)"]
[Site "Germany"]
[Date "2006.03.05"]
[Round "7.4"]
[White "Buechle, Regina"]
[Black "Sautter, Elke"]
[Result "1/2-1/2"]
[WhiteElo "1880"]
[BlackElo "1803"]
[PlyCount "45"]
[EventDate "2005.10.29"]
[EventType "team-tourn"]
[EventRounds "7"]
[EventCountry "GER"]
[SourceTitle "EXT 2007"]
[Source "ChessBase"]
[SourceDate "2006.11.23"]
[SourceVersion "1"]
[SourceVersionDate "2006.11.23"]
[SourceQuality "1"]
[WhiteTeam "Wattenscheid (W)"]
[BlackTeam "Stuttgart Wolfbusch (W)"]
[WhiteTeamCountry "GER"]
[BlackTeamCountry "GER"]

1. d4 e6 2. Nf3 f5 3. c4 Nf6 4. g3 c6 5. Bg2 d5 6. 0-0 Bd6 7. b3 Qe7 8. Ne5 Nbd7 9. Bb2 0-0 10. e3 Ne4 11. Nd2 Nxd2 12. Qxd2 Nxe5 13. dxe5 Bb4 14. Qe2 Qg5 15. Rac1 Bd7 16. a3 Be7 17. cxd5 exd5 18. b4 a6 19. Qd3 Be6 20. f4 Qg6 21. Kh1 h5 22. Bf3 Qe8 23. Qd1 1/2-1/2

[Event "Stuttgart-chA"]
[Site "Stuttgart"]
[Date "2003.??.??"]
[Round "?"]
[White "Sautter, Elke"]
[Black "Stein, Carsten"]
[Result "0-1"]
[WhiteElo "2055"]
[BlackElo "1860"]
[PlyCount "46"]
[EventDate "2003.??.??"]
[EventType "swiss"]
[EventRounds "9"]
[EventCountry "GER"]
[SourceTitle "EXT 2007"]
[Source "ChessBase"]
[SourceDate "2006.11.23"]
[SourceVersion "1"]
[SourceVersionDate "2006.11.23"]
[SourceQuality "1"]

1. e4 d5 2. exd5 Qxd5 3. Nc3 Qa5 4. Bc4 Nf6 5. d4 c6 6. Bd2 Qc7 7. Qe2 Bf5 8. 0-0-0 e6 9. Nf3 b5 10. Bb3 a5 11. Nh4 Bg6 12. a4 b4 13. Nxg6 hxg6 14. d5 bxc3 15. Bxc3 Nxd5 16. Rxd5 cxd5 17. Bxd5 Nc6 18. Qe4 Rc8 19. Re1 Nd8 20. Be5 Bd6 21. Bxg7 Rh4 22. Qd3 Rxa4 23. Qb5+ Qd7 0-1

[Event "GER-ch (Women)"]
[Site "Krefeld"]
[Date "2001.??.??"]
[Round "3"]
[White "Sautter, Elke"]
[Black "Skibbe, Diana"]
[Result "0-1"]
[WhiteElo "2066"]
[BlackElo "2104"]
[PlyCount "124"]
[EventDate "2001.??.??"]
[EventType "swiss"]
[EventRounds "9"]
[EventCountry "GER"]
[SourceTitle "EXT 2002"]
[Source "ChessBase"]
[SourceDate "2001.11.25"]
[SourceVersion "1"]
[SourceVersionDate "2001.11.25"]
[SourceQuality "1"]

1. Nf3 Nf6 2. d3 d5 3. Bg5 e6 4. Nc3 Be7 5. e4 d4 6. Ne2 c5 7. Ng3 Nc6 8. Bf4 h5 9. h3 h4 10. Ne2 Nd7 11. Qd2 f6 12. 0-0-0 e5 13. Bh2 c4 14. dxc4 Nc5 15. Nexd4 exd4 16. Nxd4 Qxd4 17. Qxd4 Nxd4 18. Rxd4 0-0 19. f3 a5 20. Be2 Bd7 21. Rhd1 Bc6 22. g3 Ne6 23. R4d3 hxg3 24. Bxg3 Kf7 25. h4 Rh8 26. Bf1 Nf8 27. R1d2 Ng6 28. Rh2 Ne5 29. Bxe5 fxe5 30. h5 Bg5+ 31. Kb1 Bf4 32. Rh1 Rh6 33. Bh3 Rah8 34. Bg4 Ke7 35. Rhd1 Be8 36. Bc8 b6 37. Bg4 Rc6 38. b3 Rhh6 39. Rd5 Rcd6 40. a3 Bf7 41. R5d3 a4 42. Kb2 Rd4 43. Rxd4 exd4 44. Rd3 Rd6 45. Ka2 Kf6 46. Kb1 Kg5 47. Kb2 Kh4 48. Rd1 Kg3 49. Rd3 Kf2 50. Kb1 Ke1 51. Kb2 Rd8 52. Kb1 Ke2 53. e5 axb3 54. Rxb3 Bxc4 55. Rxb6 d3 56. cxd3 Bxd3+ 57. Ka2 Bc4+ 58. Kb1 Rd1+ 59. Kb2 Bxe5+ 60. Kc2 Bd3+ 61. Kb3 Rb1+ 62. Ka4 Bc2+ 0-1

[Event "Eislingen team U26"]
[Site "Eislingen"]
[Date "1996.??.??"]
[Round "3"]
[White "Schuster, Birgit"]
[Black "Sautter, Elke"]
[Result "1/2-1/2"]
[WhiteElo "2225"]
[BlackElo "2060"]
[PlyCount "58"]
[EventDate "1996.??.??"]
[EventType "team"]
[EventRounds "3"]
[EventCountry "GER"]
[SourceTitle "EXT 1998"]
[Source "ChessBase"]
[SourceDate "1997.11.17"]
[SourceVersion "1"]
[SourceVersionDate "1997.11.17"]
[SourceQuality "1"]

1. d4 e6 2. Nf3 f5 3. g3 Nf6 4. Bg2 d5 5. 0-0 Bd6 6. b3 Qe7 7. Bb2 0-0 8. c4 c6 9. Ne5 Nbd7 10. Nd2 Ne4 11. Ndf3 f4 12. Qd3 fxg3 13. fxg3 Ndf6 14. Nd2 Nxd2 15. Qxd2 Bd7 16. Rad1 Be8 17. Qg5 Nd7 18. Rxf8+ Kxf8 19. Rf1+ Kg8 20. Qxe7 Bxe7 21. Bh3 Nf8 22. Rf3 Rd8 23. c5 Bh5 24. g4 Bg6 25. Nxg6 Nxg6 26. b4 Bg5 27. Kf2 Rf8 28. Rxf8+ Kxf8 29. e3 Ke7 1/2-1/2

[Event "4 Laender-Cup (Women)"]
[Site "Vienna"]
[Date "1995.??.??"]
[Round "?"]
[White "Kosc, Renata"]
[Black "Sautter, Elke"]
[Result "1/2-1/2"]
[WhiteElo "2060"]
[BlackElo "2060"]
[PlyCount "21"]
[EventDate "1995.??.??"]
[EventType "team-tourn"]
[EventRounds "3"]
[EventCountry "AUT"]
[SourceTitle "EXT 2004"]
[Source "ChessBase"]
[SourceDate "2003.11.25"]
[SourceVersion "1"]
[SourceVersionDate "2003.11.25"]
[SourceQuality "1"]
[WhiteTeam "Austria"]
[BlackTeam "Wuerttemberg"]
[WhiteTeamCountry "AUT"]
[BlackTeamCountry "GER"]

1. e4 e6 2. d4 d5 3. Nd2 dxe4 4. Nxe4 Nd7 5. Nf3 Ngf6 6. Bd3 Nxe4 7. Bxe4 Nf6 8. Bd3 b6 9. Bb5+ Bd7 10. Bxd7+ Qxd7 11. Bg5 1/2-1/2